000 00943nam a2200289 a 4500
001 50063
003 BD-RjUL
005 20211209075442.0
008 160823s1968 enkb 001 0 eng
020 _a0082038082
035 _a(BD-RjUL)50183
040 _aDLC
_cDLC
_dDLC
_dBD-RjUL
_beng
041 _aeng
082 0 0 _a370.954
_223
_bSAS 1968
100 1 _aSargent, John,
_d1888-
_9150056
245 1 0 _aSociety, schools, and progress in India /
250 _a1st ed.
260 _aNew York :
_bPergamon Press,
_cc1968
300 _axxx, 233 p. :
_bill. ;
_c20 cm.
490 0 _aThe Commonwealth and international library. Education and educational research division
500 _aInclude index
650 0 _aEducation
_zIndia.
_9150057
650 0 _aEducation.
_9150058
830 _aThe Commonwealth and international library. Education and educational research division
_9150059
942 _2ddc
_cBK
999 _c50063
_d50063